000 00889nam a2200253Ia 4500
003 OSt
005 20220925230701.0
006 a|||||r|||| 00| 0
007 ta
008 220923b |||||||| |||| 00| 0 eng d
020 _a9781848134379
_c1264.8499999999999
037 _b9434, 29/03/2010, Elite Publisher Distributors
_cGeneral Book
040 _aRTL
_cRTL
_beng
041 _2eng
_aeng
082 _aV2:19.41, Q0
100 _aCheru Fantu
_9141762
245 0 _aRise of China and India in Africa
_b Challenges, opportunities and critical interventions.
260 _aLondon
_bZed Books
_c2010
300 _axii, 276p. Bibliography: P 243-265
_ccm.
650 _aSociology
700 _a Obi Cyril Ed.
_937111
942 _hV2:19.41, Q0
_cGB
_2CC
999 _c586336
_d586336